00169nam a2200073Ia 4500008004100000082000800041100001600049245003000065240331s9999 xx 000 0 und d bHAR aHarris, E.J 4aThe gaze of the coloniser